000 00303nam a2200133Ia 4500
008 100328s9999 xx 000 0 und d
082 _b73540
100 _aMartini Steve.
245 _aPrime Witness.
260 _bHeadline.
630 _aPrime Witness.
730 _aPrime Witness.
942 _cBOOK
999 _c559261
_d559258